00700nam a2200193 a 450000100100000000500170001000800410002702000150006804000250008308200140010810000300012224500570015226000790020930000390028850400410032704900090036895201120037799900170048900002115120200930011238.0100901s2000 dr abc 000 0 spa d a9993401676 aDO-SdBNPbspacBNPHU axxxbO77e1 aOrtega, Elpidio J.93468310aExpresiones culturales del sur /cElpidio J. Ortega. aSanto Domingo :bAcademia de Ciencias de la República Dominicana,c2000. a231 p. :bil., map.,retr.,graf. ;. aIncluye referencias bibliográficas aBNPD 0010718PDaPDbPDcCTd2010-09-01iLF1l0oxxx O77ep21151-10r2020-06-25w2020-06-25yLFPDZNo se presta c20653d20653